LEADER 01023nam0-2200373---450- 001 990008315340403321 005 20060907085435.0 010 $a88-6008-039-8 035 $a000831534 035 $aFED01000831534 035 $a(Aleph)000831534FED01 035 $a000831534 100 $a20060426d2006----km-y0itay50------ba 101 0 $aita 102 $aIT 105 $aa-------001yy 200 1 $aGeografia dell'economia mondiale$fSergio Conti ... [et al.] 205 $aNuova edizione 210 $aTorino$cUtet$dİ2006 215 $aX, 321 p.$cill.$d23 cm 225 1 $aGeografia, ambiente, territorio 610 0 $aGeografia economica 676 $a330.9$v21$zita 676 $a050.001 702 1$aConti,$bSergio$f<1948- > 801 0$aIT$bUNINA$gRICA$2UNIMARC 901 $aBK 912 $a990008315340403321 952 $aVII A 782$b42139$fFSPBC 952 $a050.001.CON.03$b6802$fDECGE 959 $aFSPBC 959 $aDECGE 996 $aGeografia dell'economia mondiale$955979 997 $aUNINA LEADER 01551oam 2200421 450 001 9910713936303321 005 20201019114951.0 035 $a(CKB)5470000002506301 035 $a(OCoLC)1200754385 035 $a(OCoLC)995470000002506301 035 $a(EXLCZ)995470000002506301 100 $a20201019d2006 ua 0 101 0 $aeng 135 $aur||||||||||| 181 $ctxt$2rdacontent 182 $cc$2rdamedia 183 $acr$2rdacarrier 200 10$aRepublics of the former Soviet Union $epension collection by expatriates : Russia, Ukraine, Armenia, Georgia, Moldova, Tajikistan, Turkmenistan, Kyrgyzstan, Azerbaijan, Belarus, Kazakhstan, Uzbekistan 210 1$aWashington, D.C. :$cThe Law Library of Congress, Global Legal Research Directorate,$d2006. 215 $a1 online resource (4 pages) 300 $a"Prepared by Peter Roudik"--Page 4. 300 $a"June 2006." 300 $a"LL file no. 2006-02940." 320 $aIncludes bibliographical references. 517 $aRepublics of the former Soviet Union 606 $aPensions$xLaw and legislation$zFormer Soviet republics 606 $aNoncitizens$zFormer Soviet republics 615 0$aPensions$xLaw and legislation 615 0$aNoncitizens 700 $aRoudik$b Peter$01379694 712 02$aLaw Library of Congress (U.S.).$bGlobal Legal Research Directorate, 801 0$bDLC 801 1$bGPO 801 2$bGPO 906 $aBOOK 912 $a9910713936303321 996 $aRepublics of the former Soviet Union$93466053 997 $aUNINA